000 01289cam a22003494a 4500
001 12389911
003 mut
005 20240606081308.0
008 010425s2001 maua b 001 0 eng
010 _a 2001024864
020 _a1578514592
040 _aDLC
_cmut
_dDLC
042 _apcc
050 0 0 _aHD38.2
_b.M53 2001
082 0 0 _a658.4/07
_221
100 1 _aMichaels, Ed,
_d1942-
245 1 4 _aThe war for talent /
260 _aBoston, Mass. :
_bHarvard Business School Press,
_cc2001.
300 _axxiii, 200 p. :
_bill. ;
_c24 cm.
504 _aIncludes bibliographical references (p. 183-189) and index.
650 0 _aExecutive ability.
650 0 _aLeadership.
650 0 _aEmployee motivation.
650 0 _aEmployee retention.
650 0 _aPersonnel management.
700 1 _aHandfield-Jones, Helen,
_d1958-
700 1 _aAxelrod, Beth,
_d1962-
856 4 2 _3Publisher description
_uhttp://www.loc.gov/catdir/enhancements/fy1311/2001024864-d.html
906 _a7
_bcbc
_corignew
_d1
_eocip
_f20
_gy-gencatlg
942 _2lcc
_cBK
999 _c14212
_d14212